000 00359nam a2200145Ia 4500
008 181130s2018 xx 000 0 und d
100 _aGanguly, Sumit
245 _aEnding the Sri Lankan civil war
260 _c2018
300 _ap.78-89.
504 _dWinter
650 _aCivil war - Sri Lanka
773 _aDaedalus
906 _aCivil war - Sri Lanka
999 _c506611
_d506611